bbno$ - "still" lyrics - Statistics

General Stats
  • This quiz has been taken 6 times
  • The average score is 106 of 196
Answer Stats
Answer % Correct
still
100%
and
80%
are
80%
be
80%
I
80%
that
80%
the
80%
you
80%
you)
80%
your
80%
alone
60%
bad
60%
feel
60%
hope
60%
I'm
60%
I've
60%
me
60%
miss
60%
not
60%
now
60%
on
60%
so
60%
this
60%
too
60%
we
60%
what
60%
when
60%
with
60%
would
60%
amount
40%
bed
40%
behind
40%
break
40%
(break
40%
breathe
40%
brushing
40%
can't
40%
cliché
40%
close
40%
coffee
40%
control
40%
did
40%
didn't
40%
dreams
40%
everything
40%
feels
40%
felt
40%
forever
40%
friends
40%
from
40%
future
40%
gave
40%
grounds
40%
habits
40%
hate
40%
if
40%
imagine
40%
in
40%
it
40%
It's
40%
it's
40%
just
40%
kept
40%
leave
40%
left
40%
make
40%
mirror
40%
moving
40%
my
40%
never
40%
of
40%
passé
40%
put
40%
right
40%
room
40%
said
40%
see
40%
side
40%
sleep
40%
sleeps
40%
teeth
40%
they
40%
think
40%
took
40%
twice
40%
unfair
40%
up
40%
us
40%
was
40%
we'd
40%
were
40%
won't
40%
wrong
40%
No matching quizzes found
Score Distribution
Percent of People with Each Score
Percentile by Number Answered
Your Score History
You have not taken this quiz